000 00403pab a2200169 454500
008 180718b2013 xxu||||| |||| 00| 0 eng d
100 _aJohnston, Mark
245 _aPartnering for performance at Department of HUD and VA
260 _c2013
300 _ap.43-45.
362 _aSpring
650 _aCollaborations
700 _aAngell, Susan
773 _aManager
908 _aN
909 _a99512
999 _c99511
_d99511